000 00539nam a22001697a 4500
008 130821s1923 fr gr fre
040 _aCo-BoUCM
_bspa
041 0 0 _afre
100 _aRostand, Edmond,1868-1918
_9150004
245 0 4 _aLesmusardises
_cEdmond Rostand
260 _aParís (Francia)
_bLibrairie Charpentier et Fasquelle
_c1923
300 _a298 páginas
650 0 4 _aLiteratura francesa
_97794
650 0 4 _aPoesía francesa
_921811
942 _cLIBRO
_a18
_e1
_mR67
_n0
_2DEWEY
_h841
999 _c86561
_d86561